[Event "Guimaraes Open 2019"]
[Site "Guimaraes"]
[Date "2019.08.30"]
[Round "4.36"]
[White "Dieguez Novoa, Benjamin"]
[Black "Gonzalez Eiris, Daniel"]
[Result "0-1"]
[WhiteElo "1333"]
[BlackElo "1977"]
[Annotator "NA RC"]
[PlyCount "84"]
[EventDate "2019.08.28"]
[EventType "swiss"]
[EventCountry "POR"]
[SourceTitle "playchess.com"]
[Source "ChessBase"]
[SourceQuality "1"]
[TimeControl "5400+30"]

1. e4 {[%emt 0:00:00]} c5 {[%emt 0:01:18]} 2. Nf3 {[%emt 0:00:23]} d6 {[%emt 0:00:05]} 3. g3 {[%emt 0:00:10]} Nf6 {[%emt 0:00:24]} 4. d3 {[%emt 0:00:27]} Nc6 {[%emt 0:00:27]} 5. Bg2 {[%emt 0:00:16]} g6 {[%emt 0:01:02]} 6. O-O {[%emt 0:00:13]} Bg7 {[%emt 0:00:04]} 7. Nc3 {[%emt 0:00:35]} O-O {[%emt 0:00:46]} 8. Be3 {[%emt 0:01:09]} Ng4 {[%emt 0:00:50]} 9. Qd2 {[%emt 0:01:02]} Rb8 {[%emt 0:00:48]} 10. a4 {[%emt 0:00:48]} a6 {[%emt 0:01:29]} 11. Rab1 {[%emt 0:01:47]} Nxe3 {[%emt 0:02:06]} 12. fxe3 {[%emt 0:00:36]} Bg4 {[%emt 0:01:05]} 13. Nd5 {[%emt 0:01:00]} e6 {[%emt 0:01:21]} 14. Nf4 {[%emt 0:01:47]} Bxf3 {[%emt 0:00:06]} 15. Rxf3 {[%emt 0:00:36]} b5 {[%emt 0:00:44]} 16. axb5 {[%emt 0:01:06]} axb5 {[%emt 0:00:06]} 17. Rff1 {[%emt 0:00:47]} h5 {[%emt 0:02:43]} 18. Qf2 {[%emt 0:02:25]} b4 {[%emt 0:02:28]} 19. b3 {[%emt 0:01:22]} Nd4 {[%emt 0:00:48]} 20. Kh1 {[%emt 0:02:58]} Nb5 {[%emt 0:00:05]} 21. Ne2 {[%emt 0:01:00]} Ra8 {[%emt 0:06:45]} 22. Rfc1 {[%emt 0:02:28]} Na3 {[%emt 0:00:30]} 23. e5 {[%emt 0:00:47]} Nxb1 {[%emt 0:00:08]} 24. Bxa8 {[%emt 0:00:29]} Qxa8+ {[%emt 0:00:04]} 25. e4 {[%emt 0:00:24]} Nc3 {[%emt 0:00:36]} 26. Nxc3 {[%emt 0:00:27]} bxc3 {[%emt 0:00:03]} 27. exd6 {[%emt 0:00:09]} Bd4 {[%emt 0:00:27]} 28. Qf4 {[%emt 0:01:32]} Qd8 {[%emt 0:01:14]} 29. Ra1 {[%emt 0:01:45]} e5 {[%emt 0:01:36]} 30. Qf3 {[%emt 0:03:18]} Qxd6 {[%emt 0:00:12]} 31. Ra4 {[%emt 0:01:21]} Qc6 {[%emt 0:01:09]} 32. g4 {[%emt 0:01:00]} hxg4 {[%emt 0:00:17]} 33. Qxg4 {[%emt 0:00:14]} Ra8 {[%emt 0:00:05]} 34. Rxa8+ {[%emt 0:02:36]} Qxa8 {[%emt 0:00:05]} 35. h4 {[%emt 0:00:16]} Qa1+ {[%emt 0:00:49]} 36. Kh2 {[%emt 0:00:19]} Qc1 {[%emt 0:00:57]} 37. Qg2 {[%emt 0:01:51]} Qf4+ {[%emt 0:01:04]} 38. Kh3 Bf2 {[%emt 0:01:49]} 39. Qg5 {[%emt 0:02:28]} Qf3+ {[%emt 0:01:54]} 40. Kh2 {[%emt 0:00:34]} Be3 {[%emt 0:00:18]} 41. Qg2 {[%emt 0:00:49]} Bf4+ {[%emt 0:00:11]} 42. Kh1 {[%emt 0:00:31]} Qd1+ 0-1

[Event "Guimaraes Open 2019"]
[Site "Guimaraes"]
[Date "2019.08.30"]
[Round "4.38"]
[White "Perez Sousa, Jose Maria"]
[Black "Reis, Angelica Mufato"]
[Result "1-0"]
[WhiteElo "1809"]
[BlackElo "1444"]
[Annotator "NA RC"]
[PlyCount "67"]
[EventDate "2019.08.28"]
[EventType "swiss"]
[EventCountry "POR"]
[SourceTitle "playchess.com"]
[Source "ChessBase"]
[SourceQuality "1"]
[TimeControl "5400+30"]

1. c4 {[%emt 0:00:00]} c5 {[%emt 0:00:00]} 2. d3 {[%emt 0:00:00]} Nf6 {[%emt 0:00:07]} 3. Nf3 {[%emt 0:00:00]} Nc6 {[%emt 0:00:19]} 4. g3 {[%emt 0:00:15]} g6 {[%emt 0:01:55]} 5. Bg2 {[%emt 0:00:40]} Bg7 {[%emt 0:00:07]} 6. O-O {[%emt 0:00:11]} O-O {[%emt 0:00:14]} 7. Nc3 {[%emt 0:00:09]} d6 {[%emt 0:07:41]} 8. Bg5 {[%emt 0:01:00]} Bd7 {[%emt 0:07:41]} 9. Qd2 {[%emt 0:01:48]} Rb8 {[%emt 0:07:40]} 10. Rab1 {[%emt 0:01:45]} a6 {[%emt 0:07:08]} 11. Bh6 {[%emt 0:01:56]} e6 {[%emt 0:01:04]} 12. Bxg7 {[%emt 0:00:27]} Kxg7 {[%emt 0:00:07]} 13. Qe3 {[%emt 0:02:26]} Re8 {[%emt 0:02:58]} 14. a3 {[%emt 0:01:38]} a5 {[%emt 0:01:52]} 15. Nb5 {[%emt 0:02:08]} a4 {[%emt 0:00:54]} 16. Nxd6 {[%emt 0:00:39]} Re7 {[%emt 0:00:25]} 17. Qxc5 {[%emt 0:00:51]} b6 {[%emt 0:02:37]} 18. Qe3 {[%emt 0:03:07]} Na5 {[%emt 0:03:51]} 19. Nb5 {[%emt 0:04:33]} Bxb5 {[%emt 0:02:51]} 20. cxb5 {[%emt 0:02:13]} Nd5 {[%emt 0:00:09]} 21. Qe5+ {[%emt 0:00:45]} Kg8 {[%emt 0:01:07]} 22. Qg5 {[%emt 0:01:20]} Qe8 {[%emt 0:01:58]} 23. Qh6 {[%emt 0:01:00]} f6 {[%emt 0:00:38]} 24. Qh4 Qxb5 25. e4 {[%emt 0:08:12]} Nc7 {[%emt 0:01:52]} 26. Qxf6 {[%emt 0:00:19]} Rf7 {[%emt 0:00:12]} 27. Qh4 {[%emt 0:00:14]} Qxd3 {[%emt 0:00:54]} 28. Ng5 {[%emt 0:01:59]} Rg7 {[%emt 0:01:24]} 29. Qg4 {[%emt 0:02:07]} e5 {[%emt 0:01:39]} 30. Ne6 {[%emt 0:01:29]} Re7 {[%emt 0:00:29]} 31. Nxc7 {[%emt 0:02:00]} Rxc7 {[%emt 0:00:08]} 32. Qe6+ {[%emt 0:00:19]} Kf8 {[%emt 0:00:54]} 33. Rfd1 {[%emt 0:01:20]} Qb5 {[%emt 0:01:13]} 34. Qd6+ {[%emt 0:00:59]} 1-0

[Event "Guimaraes Open 2019"]
[Site "Guimaraes"]
[Date "2019.08.31"]
[Round "5.1"]
[White "Grigoryan, Karen H."]
[Black "Schou, Bjorn A"]
[Result "1-0"]
[WhiteElo "2562"]
[BlackElo "1257"]
[Annotator "ChessBase"]
[PlyCount "145"]
[EventDate "2019.08.28"]
[EventType "swiss"]
[EventCountry "POR"]
[SourceTitle "playchess.com"]
[Source "ChessBase"]
[SourceQuality "1"]
[TimeControl "5400+30"]

1. e4 {[%emt 0:00:30]} c5 {[%emt 0:00:00]} 2. Nf3 {[%emt 0:00:35]} e6 {[%emt 0:00:00]} 3. d4 {[%emt 0:00:24]} cxd4 {[%emt 0:00:00]} 4. Nxd4 {[%emt 0:00:05]} a6 {[%emt 0:00:14]} 5. Bd3 {[%emt 0:00:13]} Bc5 {[%emt 0:00:07]} 6. Nb3 {[%emt 0:00:06]} Ba7 {[%emt 0:00:42]} 7. Qe2 {[%emt 0:00:09]} Nc6 {[%emt 0:00:18]} 8. Be3 {[%emt 0:00:09]} d6 {[%emt 0:00:32]} 9. Nc3 {[%emt 0:01:18]} Nf6 {[%emt 0:00:20]} 10. O-O-O {[%emt 0:00:12]} e5 {[%emt 0:01:17]} 11. Bxa7 {[%emt 0:00:52]} Rxa7 {[%emt 0:00:04]} 12. Qd2 {[%emt 0:04:00]} O-O {[%emt 0:07:57]} 13. Be2 {[%emt 0:05:33]} Ne8 {[%emt 0:05:27]} 14. f4 {[%emt 0:04:21]} exf4 {[%emt 0:02:53]} 15. Qxf4 {[%emt 0:00:38]} Qe7 {[%emt 0:00:06]} 16. Nd5 {[%emt 0:01:42]} Qd8 {[%emt 0:04:49]} 17. g4 {[%emt 0:02:21]} Be6 {[%emt 0:01:21]} 18. g5 {[%emt 0:00:22]} a5 {[%emt 0:15:22]} 19. Nd4 {[%emt 0:02:29]} Bxd5 {[%emt 0:06:07]} 20. exd5 {[%emt 0:00:08]} Nxd4 {[%emt 0:00:17]} 21. Rxd4 {[%emt 0:01:33]} b6 {[%emt 0:00:20]} 22. h4 {[%emt 0:05:18]} Re7 {[%emt 0:00:17]} 23. Bb5 {[%emt 0:03:40]} Re5 {[%emt 0:01:52]} 24. Bc6 {[%emt 0:11:26]} Qe7 {[%emt 0:00:12]} 25. Rdd1 {[%emt 0:01:34]} f6 {[%emt 0:04:14]} 26. g6 {[%emt 0:08:01]} hxg6 {[%emt 0:08:13]} 27. Qf2 {[%emt 0:00:59]} f5 {[%emt 0:01:27]} 28. Qxb6 {[%emt 0:01:13]} Nf6 {[%emt 0:00:05]} 29. Qxa5 {[%emt 0:02:46]} f4 {[%emt 0:00:03]} 30. Qc3 {[%emt 0:12:28]} Ne4 {[%emt 0:02:27]} 31. Qf3 {[%emt 0:00:51]} Ng3 {[%emt 0:00:38]} 32. Rh2 {[%emt 0:00:38]} Re3 {[%emt 0:01:16]} 33. Qg4 {[%emt 0:00:59]} Qf6 {[%emt 0:10:27]} 34. Bb5 {[%emt 0:02:05]} Rb8 {[%emt 0:05:31]} 35. a4 {[%emt 0:00:54]} Kh8 {[%emt 0:02:28]} 36. Qg5 {[%emt 0:03:56]} Qf7 {[%emt 0:06:37]} 37. Bd3 {[%emt 0:04:43]} Qb7 {[%emt 0:05:08]} 38. Bb5 {[%emt 0:09:34]} Re4 {[%emt 0:00:03]} 39. h5 {[%emt 0:07:34]} gxh5 {[%emt 0:04:16]} 40. Rxh5+ {[%emt 0:00:31]} Nxh5 {[%emt 0:00:58]} 41. Qxh5+ {[%emt 0:00:05]} Kg8 {[%emt 0:00:06]} 42. Qg6 {[%emt 0:01:50]} Qe7 {[%emt 0:03:52]} 43. Bd7 {[%emt 0:00:19]} Qxd7 {[%emt 0:02:15]} 44. Qxe4 {[%emt 0:00:06]} Rf8 {[%emt 0:00:13]} 45. Qe6+ {[%emt 0:00:20]} Qxe6 {[%emt 0:00:55]} 46. dxe6 {[%emt 0:00:04]} Rf5 {[%emt 0:00:13]} 47. Rxd6 {[%emt 0:00:42]} Kf8 {[%emt 0:00:55]} 48. Kd2 {[%emt 0:01:49]} g5 {[%emt 0:00:22]} 49. c4 {[%emt 0:01:17]} g4 {[%emt 0:00:40]} 50. Rd5 {[%emt 0:00:56]} Rf6 {[%emt 0:00:02]} 51. Rg5 {[%emt 0:00:28]} g3 {[%emt 0:00:12]} 52. Ke2 {[%emt 0:00:30]} Rxe6+ {[%emt 0:01:10]} 53. Kf3 {[%emt 0:00:05]} Rb6 {[%emt 0:00:26]} 54. Kxf4 {[%emt 0:01:03]} Rxb2 {[%emt 0:00:06]} 55. Ke5 {[%emt 0:00:28]} g2 {[%emt 0:00:58]} 56. Kd6 {[%emt 0:00:16]} Rd2+ {[%emt 0:00:34]} 57. Kc6 {[%emt 0:00:07]} Rf2 {[%emt 0:00:23]} 58. c5 {[%emt 0:00:37]} Ke7 {[%emt 0:00:24]} 59. a5 {[%emt 0:00:24]} Ra2 {[%emt 0:00:38]} 60. Kb6 {[%emt 0:00:09]} Rb2+ {[%emt 0:00:21]} 61. Kc7 {[%emt 0:00:08]} Rb5 {[%emt 0:00:39]} 62. Kc6 {[%emt 0:01:40]} Rb2 {[%emt 0:00:03]} 63. a6 {[%emt 0:00:08]} Ra2 {[%emt 0:00:24]} 64. Kb7 {[%emt 0:00:06]} Rb2+ {[%emt 0:01:06]} 65. Kc7 {[%emt 0:00:06]} Ra2 {[%emt 0:00:22]} 66. c6 {[%emt 0:00:21]} Kf6 {[%emt 0:00:30]} 67. Rg8 {[%emt 0:00:22]} Ke7 {[%emt 0:00:20]} 68. Kb7 {[%emt 0:00:30]} Kd6 {[%emt 0:00:34]} 69. Rg6+ {[%emt 0:00:10]} Ke7 {[%emt 0:00:06]} 70. a7 {[%emt 0:00:40]} Rb2+ {[%emt 0:00:25]} 71. Kc8 {[%emt 0:00:08]} Ra2 {[%emt 0:00:10]} 72. Rxg2 {[%emt 0:00:36]} Ra1 {[%emt 0:01:29]} 73. Rb2 {[%emt 0:00:37]} 1-0

[Event "Guimaraes Open 2019"]
[Site "Guimaraes"]
[Date "2019.08.31"]
[Round "5.2"]
[White "Chueca Forcen, Alberto"]
[Black "Martinez Duany, Lelys Stanley"]
[Result "0-1"]
[WhiteElo "2355"]
[BlackElo "2526"]
[Annotator "ChessBase"]
[PlyCount "78"]
[EventDate "2019.08.28"]
[EventType "swiss"]
[EventCountry "POR"]
[SourceTitle "playchess.com"]
[Source "ChessBase"]
[SourceQuality "1"]
[TimeControl "5400+30"]

1. d4 {[%emt 0:08:22]} d6 {[%emt 0:00:00]} 2. Nf3 {[%emt 0:00:18]} g6 {[%emt 0:00:15]} 3. c4 {[%emt 0:00:13]} Bg7 {[%emt 0:00:16]} 4. Nc3 {[%emt 0:00:15]} Bg4 {[%emt 0:00:13]} 5. g3 {[%emt 0:03:52]} Bxf3 {[%emt 0:05:50]} 6. exf3 {[%emt 0:00:23]} c6 {[%emt 0:02:00]} 7. Be3 {[%emt 0:00:57]} Nd7 {[%emt 0:04:20]} 8. f4 {[%emt 0:00:21]} Nh6 {[%emt 0:00:57]} 9. Bd3 {[%emt 0:03:13]} O-O {[%emt 0:06:06]} 10. Qf3 {[%emt 0:05:27]} e6 {[%emt 0:04:51]} 11. d5 {[%emt 0:07:43]} Nc5 {[%emt 0:00:37]} 12. Bc2 {[%emt 0:05:33]} Qb6 {[%emt 0:01:49]} 13. O-O-O {[%emt 0:08:19]} cxd5 {[%emt 0:02:51]} 14. cxd5 {[%emt 0:02:02]} Rac8 {[%emt 0:01:33]} 15. dxe6 {[%emt 0:04:27]} fxe6 {[%emt 0:00:06]} 16. Bd4 {[%emt 0:02:08]} Bxd4 {[%emt 0:07:22]} 17. Rxd4 {[%emt 0:00:17]} Nf5 {[%emt 0:00:23]} 18. Bxf5 {[%emt 0:01:32]} gxf5 {[%emt 0:00:14]} 19. Rhd1 {[%emt 0:07:12]} d5 {[%emt 0:04:50]} 20. g4 {[%emt 0:01:29]} Kh8 {[%emt 0:02:11]} 21. gxf5 {[%emt 0:02:10]} Rxf5 {[%emt 0:00:09]} 22. Kb1 {[%emt 0:00:22]} Qc7 {[%emt 0:04:44]} 23. Nb5 {[%emt 0:09:06]} Qd7 {[%emt 0:07:10]} 24. Nxa7 {[%emt 0:12:40]} Rc7 {[%emt 0:00:42]} 25. Qc3 {[%emt 0:01:15]} Ne4 {[%emt 0:01:03]} 26. Qb4 {[%emt 0:01:08]} Nd6 {[%emt 0:00:25]} 27. a4 {[%emt 0:00:42]} b6 {[%emt 0:04:28]} 28. Nb5 {[%emt 0:00:37]} Nxb5 {[%emt 0:00:10]} 29. axb5 {[%emt 0:01:24]} Rc5 {[%emt 0:05:16]} 30. Qa3 {[%emt 0:00:59]} Rf8 {[%emt 0:10:47]} 31. Ra4 {[%emt 0:01:00]} Qg7 {[%emt 0:00:52]} 32. Ra7 {[%emt 0:05:57]} Qg6+ {[%emt 0:04:27]} 33. Ka2 {[%emt 0:00:39]} Rf7 {[%emt 0:06:40]} 34. Ra8+ {[%emt 0:01:46]} Kg7 {[%emt 0:00:03]} 35. Qe3 {[%emt 0:00:51]} Rxb5 {[%emt 0:00:40]} 36. Qe5+ {[%emt 0:00:51]} Qf6 {[%emt 0:00:44]} 37. Rg8+ {[%emt 0:01:57]} Kxg8 {[%emt 0:00:23]} 38. Rg1+ {[%emt 0:00:09]} Kh8 39. Rd1 Rf8 0-1

[Event "Guimaraes Open 2019"]
[Site "Guimaraes"]
[Date "2019.08.31"]
[Round "5.3"]
[White "Martin Duque, Jesus"]
[Black "Tilicheev, Viacheslav"]
[Result "1-0"]
[WhiteElo "2353"]
[BlackElo "2482"]
[Annotator "ChessBase"]
[PlyCount "101"]
[EventDate "2019.08.28"]
[EventType "swiss"]
[EventCountry "POR"]
[SourceTitle "playchess.com"]
[Source "ChessBase"]
[SourceQuality "1"]
[TimeControl "5400+30"]

1. e4 {[%emt 0:01:14]} c5 {[%emt 0:00:00]} 2. Nf3 {[%emt 0:00:08]} e6 {[%emt 0:00:00]} 3. d4 {[%emt 0:00:04]} cxd4 {[%emt 0:00:00]} 4. Nxd4 {[%emt 0:00:04]} Nf6 {[%emt 0:00:00]} 5. Nc3 {[%emt 0:00:04]} Nc6 {[%emt 0:00:04]} 6. Ndb5 {[%emt 0:00:04]} Bc5 {[%emt 0:00:06]} 7. Bf4 {[%emt 0:03:52]} O-O {[%emt 0:00:07]} 8. Bc7 {[%emt 0:01:18]} Qe7 {[%emt 0:00:15]} 9. Bd6 {[%emt 0:00:16]} Bxd6 {[%emt 0:00:05]} 10. Qxd6 {[%emt 0:00:11]} Qd8 {[%emt 0:00:14]} 11. Qc7 {[%emt 0:07:25]} d5 {[%emt 0:07:44]} 12. exd5 {[%emt 0:17:06]} exd5 {[%emt 0:01:10]} 13. O-O-O {[%emt 0:01:40]} d4 {[%emt 0:00:54]} 14. Ne2 {[%emt 0:22:10]} Qd5 {[%emt 0:20:09]} 15. Nexd4 {[%emt 0:04:30]} Qxa2 {[%emt 0:03:15]} 16. Nb3 {[%emt 0:05:00]} Qa4 {[%emt 0:00:10]} 17. Nc3 {[%emt 0:02:37]} Qb4 {[%emt 0:02:07]} 18. Bb5 {[%emt 0:00:32]} Be6 {[%emt 0:10:09]} 19. Qxb7 {[%emt 0:01:23]} Na5 {[%emt 0:05:51]} 20. Nxa5 {[%emt 0:00:50]} Qxa5 {[%emt 0:00:10]} 21. Qa6 {[%emt 0:00:10]} Qc7 {[%emt 0:00:04]} 22. Qd6 {[%emt 0:09:04]} Qa5 {[%emt 0:00:06]} 23. Qa6 {[%emt 0:00:05]} Qb4 {[%emt 0:00:04]} 24. Qa4 {[%emt 0:00:36]} Qc5 {[%emt 0:00:12]} 25. Qd4 {[%emt 0:01:39]} Qc8 {[%emt 0:01:00]} 26. f3 {[%emt 0:06:37]} Rb8 {[%emt 0:01:42]} 27. Qxa7 {[%emt 0:03:46]} Ra8 {[%emt 0:00:25]} 28. Qb6 {[%emt 0:01:12]} Bf5 {[%emt 0:07:12]} 29. Kb1 {[%emt 0:02:23]} Bg6 {[%emt 0:03:19]} 30. g4 {[%emt 0:02:20]} h6 {[%emt 0:00:33]} 31. Rd6 {[%emt 0:01:30]} Nxg4 {[%emt 0:05:46]} 32. fxg4 {[%emt 0:00:04]} Qxg4 {[%emt 0:00:05]} 33. Rg1 {[%emt 0:00:30]} Qh5 {[%emt 0:02:26]} 34. Qd4 {[%emt 0:01:59]} Ra5 {[%emt 0:01:58]} 35. Rd8 {[%emt 0:00:36]} Ra8 {[%emt 0:02:25]} 36. Rxf8+ {[%emt 0:00:30]} Rxf8 {[%emt 0:00:04]} 37. Bd3 {[%emt 0:00:27]} Qxh2 {[%emt 0:00:42]} 38. Nd5 {[%emt 0:00:57]} Kh7 {[%emt 0:01:57]} 39. Ne7 {[%emt 0:00:19]} Rd8 {[%emt 0:00:08]} 40. Qxd8 {[%emt 0:01:27]} Qxg1+ {[%emt 0:00:04]} 41. Ka2 {[%emt 0:00:02]} Qa7+ {[%emt 0:00:07]} 42. Kb3 {[%emt 0:00:05]} h5 {[%emt 0:00:13]} 43. Nxg6 {[%emt 0:01:21]} fxg6 {[%emt 0:00:07]} 44. Qg5 {[%emt 0:00:30]} Qf7+ {[%emt 0:00:39]} 45. Kc3 {[%emt 0:00:12]} Qc7+ {[%emt 0:00:11]} 46. Kd2 {[%emt 0:00:23]} Qh2+ {[%emt 0:00:15]} 47. Ke3 {[%emt 0:00:15]} Qh3+ {[%emt 0:00:05]} 48. Kf2 {[%emt 0:00:45]} Qh2+ {[%emt 0:00:05]} 49. Qg2 {[%emt 0:00:26]} Qf4+ {[%emt 0:00:08]} 50. Ke2 {[%emt 0:00:11]} Qf6 {[%emt 0:00:22]} 51. b4 {[%emt 0:00:19]} 1-0

[Event "Guimaraes Open 2019"]
[Site "Guimaraes"]
[Date "2019.08.31"]
[Round "5.4"]
[White "Lizak, Peter"]
[Black "Lara Lopez, Sergio"]
[Result "1-0"]
[WhiteElo "2448"]
[BlackElo "2226"]
[Annotator "NA"]
[PlyCount "103"]
[EventDate "2019.08.28"]
[EventType "swiss"]
[EventCountry "POR"]
[SourceTitle "playchess.com"]
[Source "ChessBase"]
[SourceQuality "1"]
[TimeControl "5400+30"]

1. d4 {[%emt 0:00:10]} d5 {[%emt 0:02:08]} 2. Nc3 {[%emt 0:00:12]} Nf6 {[%emt 0:00:07]} 3. Bf4 {[%emt 0:00:08]} e6 {[%emt 0:00:04]} 4. Nb5 {[%emt 0:00:14]} Na6 {[%emt 0:01:20]} 5. a3 {[%emt 0:00:07]} c6 {[%emt 0:00:22]} 6. Nc3 {[%emt 0:00:07]} Bd6 {[%emt 0:00:07]} 7. e3 {[%emt 0:00:07]} Bxf4 {[%emt 0:06:16]} 8. exf4 {[%emt 0:00:08]} Nb8 {[%emt 0:00:22]} 9. Nf3 {[%emt 0:00:56]} Qd6 {[%emt 0:01:41]} 10. Ne5 {[%emt 0:02:40]} c5 {[%emt 0:05:32]} 11. Nb5 {[%emt 0:15:57]} Qe7 {[%emt 0:01:04]} 12. dxc5 {[%emt 0:00:49]} Qxc5 {[%emt 0:00:21]} 13. c4 {[%emt 0:00:57]} Ne4 {[%emt 0:08:14]} 14. Qc2 {[%emt 0:21:23]} Na6 {[%emt 0:19:52]} 15. Bd3 {[%emt 0:07:52]} f5 {[%emt 0:06:41]} 16. cxd5 {[%emt 0:10:00]} Qxc2 {[%emt 0:01:47]} 17. Bxc2 {[%emt 0:00:08]} exd5 {[%emt 0:00:48]} 18. f3 {[%emt 0:02:16]} Nf6 {[%emt 0:05:26]} 19. Nd6+ {[%emt 0:04:47]} Ke7 {[%emt 0:00:15]} 20. Nxf5+ {[%emt 0:00:15]} Bxf5 {[%emt 0:00:14]} 21. Bxf5 {[%emt 0:00:07]} g6 {[%emt 0:00:12]} 22. Bh3 {[%emt 0:04:42]} Rhd8 {[%emt 0:04:54]} 23. Rc1 {[%emt 0:06:04]} d4 {[%emt 0:00:56]} 24. Kd2 {[%emt 0:01:08]} Rd5 {[%emt 0:05:28]} 25. Rhe1 {[%emt 0:01:08]} Kf8 {[%emt 0:00:07]} 26. b4 {[%emt 0:01:07]} Re8 {[%emt 0:02:00]} 27. g3 {[%emt 0:07:58]} Re7 {[%emt 0:04:49]} 28. Bf1 {[%emt 0:02:23]} Kg7 {[%emt 0:06:14]} 29. Rc8 {[%emt 0:05:06]} Rd6 {[%emt 0:05:06]} 30. Rec1 {[%emt 0:01:57]} Ne8 {[%emt 0:00:06]} 31. Ra8 {[%emt 0:00:51]} Nac7 {[%emt 0:00:58]} 32. Rxa7 {[%emt 0:00:31]} Nd5 {[%emt 0:00:11]} 33. Rc8 {[%emt 0:01:05]} g5 {[%emt 0:01:18]} 34. Nc4 {[%emt 0:02:38]} Ne3 {[%emt 0:01:45]} 35. Bd3 {[%emt 0:00:42]} Rh6 {[%emt 0:00:02]} 36. Be4 {[%emt 0:00:30]} Nxc4+ {[%emt 0:02:48]} 37. Rxc4 {[%emt 0:00:02]} Nd6 {[%emt 0:00:01]} 38. Rc5 {[%emt 0:00:46]} gxf4 {[%emt 0:00:38]} 39. gxf4 {[%emt 0:00:18]} Rxh2+ {[%emt 0:03:06]} 40. Kd3 {[%emt 0:00:01]} Rh4 {[%emt 0:00:47]} 41. Re5 {[%emt 0:01:17]} Rf7 {[%emt 0:01:59]} 42. f5 {[%emt 0:00:09]} Rf4 {[%emt 0:00:06]} 43. Raa5 {[%emt 0:00:35]} b5 {[%emt 0:01:42]} 44. Ra6 {[%emt 0:00:30]} Nxf5 {[%emt 0:00:59]} 45. Rxb5 {[%emt 0:00:12]} Nh4 {[%emt 0:01:27]} 46. Rg5+ {[%emt 0:00:12]} Ng6 {[%emt 0:00:43]} 47. Kxd4 {[%emt 0:01:23]} Rh4 {[%emt 0:00:04]} 48. Ke3 {[%emt 0:00:18]} Re7 {[%emt 0:00:06]} 49. Kf2 {[%emt 0:00:28]} Kh6 {[%emt 0:02:06]} 50. Rg2 {[%emt 0:00:33]} Rg7 {[%emt 0:00:36]} 51. b5 {[%emt 0:00:28]} Rh1 {[%emt 0:00:09]} 52. b6 {[%emt 0:00:57]} 1-0

[Event "Guimaraes Open 2019"]
[Site "Guimaraes"]
[Date "2019.08.31"]
[Round "5.5"]
[White "Costa, Paulo Jorge Lopes Da"]
[Black "Lopez Mulet, Inigo"]
[Result "0-1"]
[WhiteElo "2186"]
[BlackElo "2397"]
[Annotator "NA"]
[PlyCount "134"]
[EventDate "2019.08.28"]
[EventType "swiss"]
[EventCountry "POR"]
[SourceTitle "playchess.com"]
[Source "ChessBase"]
[SourceQuality "1"]
[TimeControl "5400+30"]

1. c4 {[%emt 0:00:00]} c5 {[%emt 0:01:46]} 2. Nf3 {[%emt 0:00:00]} Nc6 {[%emt 0:00:30]} 3. g3 {[%emt 0:00:23]} g6 {[%emt 0:01:36]} 4. Bg2 {[%emt 0:01:08]} Bg7 {[%emt 0:00:05]} 5. O-O {[%emt 0:00:29]} d6 {[%emt 0:00:54]} 6. Nc3 {[%emt 0:01:36]} Bf5 {[%emt 0:01:04]} 7. d3 {[%emt 0:03:04]} Qd7 {[%emt 0:02:50]} 8. a3 {[%emt 0:07:38]} Bh3 {[%emt 0:01:09]} 9. Nd5 {[%emt 0:04:29]} Rc8 {[%emt 0:00:31]} 10. Rb1 {[%emt 0:00:25]} Nf6 {[%emt 0:04:11]} 11. Bxh3 {[%emt 0:12:17]} Qxh3 {[%emt 0:00:08]} 12. Nf4 {[%emt 0:00:03]} Qd7 {[%emt 0:05:57]} 13. b4 {[%emt 0:02:16]} h6 {[%emt 0:04:44]} 14. bxc5 {[%emt 0:08:11]} dxc5 {[%emt 0:00:21]} 15. Bb2 {[%emt 0:00:26]} O-O {[%emt 0:04:23]} 16. h4 {[%emt 0:08:28]} Rcd8 {[%emt 0:18:50]} 17. Qb3 {[%emt 0:08:52]} b6 {[%emt 0:00:13]} 18. Qb5 {[%emt 0:00:49]} Rfe8 {[%emt 0:02:37]} 19. Ne5 {[%emt 0:02:30]} Nxe5 {[%emt 0:00:13]} 20. Bxe5 {[%emt 0:00:03]} Qf5 {[%emt 0:00:41]} 21. Bxf6 {[%emt 0:09:21]} Bxf6 {[%emt 0:00:40]} 22. Nd5 {[%emt 0:01:23]} Bd4 {[%emt 0:01:15]} 23. Kg2 {[%emt 0:03:23]} g5 {[%emt 0:10:13]} 24. hxg5 {[%emt 0:03:12]} hxg5 {[%emt 0:00:10]} 25. Qc6 {[%emt 0:06:05]} Kg7 {[%emt 0:17:36]} 26. Ne3 {[%emt 0:03:12]} Qg6 {[%emt 0:04:16]} 27. Qxg6+ {[%emt 0:01:39]} Kxg6 {[%emt 0:00:05]} 28. Nd5 {[%emt 0:02:11]} Rd7 {[%emt 0:00:53]} 29. Rfc1 {[%emt 0:01:14]} f5 {[%emt 0:01:54]} 30. Nc3 {[%emt 0:01:32]} e6 {[%emt 0:03:20]} 31. Nb5 {[%emt 0:00:34]} Be5 {[%emt 0:00:39]} 32. a4 {[%emt 0:00:36]} g4 {[%emt 0:01:54]} 33. Na3 {[%emt 0:00:57]} Kg5 {[%emt 0:05:25]} 34. Rh1 {[%emt 0:00:56]} Rf8 {[%emt 0:02:22]} 35. f4+ {[%emt 0:04:51]} gxf3+ {[%emt 0:00:05]} 36. Kxf3 {[%emt 0:00:02]} Rg7 {[%emt 0:02:15]} 37. Rh3 {[%emt 0:01:04]} Rfg8 {[%emt 0:00:37]} 38. Rg1 {[%emt 0:00:21]} Kf6 {[%emt 0:00:15]} 39. Nc2 {[%emt 0:00:22]} Bb8 {[%emt 0:01:07]} 40. e3 {[%emt 0:02:07]} Rg4 {[%emt 0:00:56]} 41. Rg2 {[%emt 0:01:08]} Rd8 {[%emt 0:01:10]} 42. Rd2 {[%emt 0:00:22]} Rxc4 {[%emt 0:00:35]} 43. Rh6+ {[%emt 0:00:29]} Kg7 {[%emt 0:00:30]} 44. Rxe6 {[%emt 0:00:18]} Rg4 {[%emt 0:00:05]} 45. Rg2 {[%emt 0:01:21]} Rxd3 {[%emt 0:00:40]} 46. Re7+ {[%emt 0:00:22]} Kf6 {[%emt 0:00:19]} 47. Rb7 {[%emt 0:00:11]} Rd8 {[%emt 0:00:26]} 48. a5 {[%emt 0:01:02]} Rg7 {[%emt 0:00:51]} 49. Rxg7 {[%emt 0:00:21]} Kxg7 {[%emt 0:00:03]} 50. g4 {[%emt 0:00:16]} fxg4+ {[%emt 0:00:40]} 51. Rxg4+ {[%emt 0:00:05]} Kf6 {[%emt 0:00:09]} 52. e4 {[%emt 0:00:27]} Rd3+ {[%emt 0:01:15]} 53. Ke2 {[%emt 0:00:33]} Rh3 {[%emt 0:00:29]} 54. Rg8 {[%emt 0:00:36]} Bf4 {[%emt 0:00:16]} 55. Rf8+ {[%emt 0:00:19]} Ke5 {[%emt 0:00:22]} 56. Re8+ {[%emt 0:00:07]} Kd6 {[%emt 0:00:05]} 57. Ra8 {[%emt 0:00:46]} Kc6 {[%emt 0:00:39]} 58. Rxa7 {[%emt 0:00:26]} Rh2+ {[%emt 0:00:06]} 59. Kf3 {[%emt 0:01:31]} Bb8 {[%emt 0:00:09]} 60. Ra6 {[%emt 0:00:24]} Rxc2 {[%emt 0:00:09]} 61. Rxb6+ {[%emt 0:00:01]} Kc7 {[%emt 0:00:08]} 62. Rb5 {[%emt 0:00:52]} Ba7 {[%emt 0:00:36]} 63. e5 {[%emt 0:00:22]} Kc6 {[%emt 0:00:06]} 64. Rb1 {[%emt 0:00:13]} c4 {[%emt 0:01:12]} 65. Ke4 {[%emt 0:00:19]} Re2+ {[%emt 0:00:45]} 66. Kf5 {[%emt 0:00:02]} c3 {[%emt 0:01:32]} 67. Rc1 {[%emt 0:01:54]} c2 {[%emt 0:00:06]} 0-1